000 02459cam a22005777a 4500
003 CHAP
005 20220329142848.0
008 040930d2002 mx ab r 00110 spa d
010 _a88867
011 _a89839
020 _a968-884-897-2
020 _a968-884-898-0
020 _a968-884-899-3
020 _a968-884-900-6
020 _a9688848964
035 _a100390
040 _cCHAP
082 0 4 _a551.49 P4
100 0 0 _aPérez Nieto, Samuel.
_989885
245 1 0 _aPrograma para la capacitación a usuarios de riego con aguas de orígen subterráneo (PROCURAS) :
_bMemoria técnica
_c/por Samuel Pérez Nieto
260 _aMéxico, D.F. :
_bComisión Nacional del Agua. Programa para la Modernización del Manejo de Agua,
_c2002.
300 _av. :
_bilus.
500 _aLa biblioteca tiene : v.1-pte.1 Acuífero principal de la región lagunera Coahuila-Durango, v.2-pte.1 Acuífero Valle de Celaya, v.3-pte.1 Acuífero Costa de Hermosillo, v.4-pte.1 Acuífero interestatal de Ojocaliente-Aguascalientes-Encarnación
590 _aBATCH-UPD
_b10
_c20130110
_lUCH01
_h0014
590 _aBATCH-UPD
_b10
_c20130110
_lUCH01
_h0830
590 _aBATCH-UPD
_b10
_c20130409
_lUCH01
_h1952
590 _aBATCH-UPD
_b10
_c20130410
_lUCH01
_h0508
590 _aBATCH-UPD
_b10
_c20130913
_lUCH01
_h2251
590 _aBATCH-UPD
_b10
_c20141001
_lUCH01
_h1312
590 _aCONVERSION
_b10
_c20130109
_lUCH01
_h1349
650 1 4 _aAgua subterranea.
_92456
650 1 4 _aAgua subterranea
_xAguascalientes.
_92457
650 1 4 _aAgua subterránea
_xGuanajuato.
_92465
650 1 4 _aAgua subterranea
_xSonora.
_92480
650 1 4 _aAgua subterranea
_zDurango.
_92487
650 1 4 _aAgua
_xAprovechamiento
_zComarca Lagunera.
_92309
650 1 4 _aAgua
_xLeyes
_xMéxico.
_92387
650 1 4 _aAgua
_xUtilización.
_92401
650 1 4 _aConductividad hidráulica.
_926345
650 1 4 _aHidrogeología.
_955236
650 1 4 _aIrrigación.
_960366
650 1 4 _aIrrigación
_xComarca Lagunera.
_960389
710 0 0 _aUACH. Departamento de Irrigación.
_9115874
901 _aBK
905 _aAlejandra Carrasco M.
942 _cLIBRO
949 _a551.49 P4
_bBC
_cUACH
_d1003904
_eUACH
_fv.4 Pte.1
_h104671
_i100390
_sb
949 _a551.49 P4
_bBC
_cUACH
_d33724000796926
_eUACH
_fv.1 Pte.1
_h104668
_i100390
_sb
949 _a551.49 P4
_bBC
_cUACH
_d33724000796934
_eUACH
_fv.2 Pte.1
_h104669
_i100390
_sb
949 _a551.49 P4
_bBC
_cUACH
_d33724000796942
_eUACH
_fv.3 Pte.1
_h104670
_i100390
_sb
999 _c88867
_d88867